Progressively Harder Capital to Country Quiz - Oceania - Statistics

General Stats
  • This quiz has been taken 57 times
  • The average score is 11 of 14
Answer Stats
Country Capital % Correct
Australia Canberra
100%
New Zealand Wellington
100%
Fiji Suva
95%
Papua New Guinea Port Moresby
92%
Samoa Apia
85%
Kiribati South Tarawa
82%
Vanuatu Port Vila
79%
Nauru Yaren
77%
Palau Ngerulmud
74%
Tonga Nuku'alofa
74%
Tuvalu Funafuti
72%
F. S. Micronesia Palikir
72%
Solomon Islands Honiara
69%
Marshall Islands Majuro
69%
No matching quizzes found
Score Distribution
Percent of People with Each Score
Percentile by Number Answered
Your Score History
You have not taken this quiz